000 00901nam a2200253Ia 4500
003 OSt
005 20220923215213.0
006 a|||||r|||| 00| 0
007 ta
008 220922b |||||||| |||| 00| 0 hin d
024 _a176,549
037 _cTextual
040 _aARTS
_cARTS
_bhin
041 _2hin
_ahin
082 _aO152,1:gN, M1
100 _aशुभदर्शन, संपा.
245 0 _aसमकालीन कविता
_b प्रमाणिक दस्तावेज
246 _aSamakālīn kavitā: pramāṇik dastāveja
260 _aअमृतसर
_b पंजाब हिन्दी परिषद प्रकाशन
_c1981
300 _a104 पृ.
_ccm.
650 _aहिन्दी साहित्य
_9156264
942 _hO152,1:gN, M1
_cTEXL
_2CC
999 _c330099
_d330099